Países que empiezan por B - Estadísticas

Estadísticas generales
  • Esta prueba ha sido intentada 718 veces
  • La puntuación promedio es 11 de 17
Estadísticas de respuestas
Respuesta % Correcto
Bélgica
90%
Bolivia
82%
Bután
81%
Barbados
72%
Botsuana
72%
Bahamas
71%
Belice
71%
Bielorrusia
71%
Bulgaria
70%
Brasil
69%
Bahréin
67%
Bosnia y Herzegovina
66%
Burundi
66%
Benín
60%
Bangladesh
59%
Burkina Faso
58%
Brunéi Darussalam
4%
No se encontraron pruebas coincidentes
Distribución de puntuación
Porcentaje de gente con cada puntuación
Porcentaje por número respondido
Historial de tus puntuaciones
No has intentado esta prueba.